000 00175nam a22000857a 4500
082 _a823
100 _aARUNKUMAR
245 _aSELECTED STORIES FROM THE ARABIAN NIGHTS
942 _cBK
999 _c8512
_d8512